Welcome to the Holygrace Academy Library

Please use search bar below to get started

1001 DAYS THAT SHAPED THE WORLD (Record no. 2120)

MARC details
000 -LEADER
fixed length control field 00581nam a22001577a 4500
020 ## - INTERNATIONAL STANDARD BOOK NUMBER
ISBN 978-93-5009-779-3
082 ## - DEWEY DECIMAL CLASSIFICATION NUMBER
Classification number 001
Item number FUR/T
100 ## - MAIN ENTRY--AUTHOR NAME
Personal name FURTADO, PETER
245 ## - TITLE STATEMENT
Title 1001 DAYS THAT SHAPED THE WORLD
250 ## - EDITION STATEMENT
Edition statement FIRST EDITION
260 ## - PUBLICATION, DISTRIBUTION, ETC. (IMPRINT)
Place of publication UNITED KINGDOM
Name of publisher HACHETTE
Year of publication 2012
300 ## - PHYSICAL DESCRIPTION
Number of Pages 960
520 ## - SUMMARY, ETC.
Summary, etc THE EDITION INCLUDES THE DEEPWATER HORIZON PLATFORM EXPLOSION IN THE GULF OF MEXICO, THE JAPANESE TSUNAMI , OSAMA BIN LADEN KILLED BY U.S. SPECIAL OPERATIONS MILITARY UNIT IN PAKISTAN, THE EURO DEBT CRISIS
650 ## - SUBJECT ADDED ENTRY--TOPICAL TERM
Topical Term GENERAL KNOWLEDGE
Geographic subdivision UNITED KINGDOM
942 ## - ADDED ENTRY ELEMENTS (KOHA)
Koha item type Books
Holdings
Withdrawn status Lost status Collection code Home library Current library Shelving location Date acquired Source of acquisition Cost, normal purchase price Full call number Accession Number Koha item type
    Reference Main Library Main Library SHELF 1 F -DICTIONARY,THEASAURUS 24/05/2019 purchase 2295.00 001 FUR/T 11149 Books
    Reference Main Library Main Library SHELF 1 F -DICTIONARY,THEASAURUS 24/05/2019 purchase 2295.00 001 FUR/T 11148 Books
    Reference Main Library Main Library SHELF 1 F -DICTIONARY,THEASAURUS 24/05/2019 purchase 2295.00 001 FUR/T 11150 Books
    Reference Main Library Main Library SHELF 1 F -DICTIONARY,THEASAURUS 24/05/2019 purchase 2295.00 001 FUR/T 11147 Books